Statistics for MLB: Silver Sluggers-Shortstop

Click here to take the quiz!

General Stats

  • This quiz has been taken 67 times
  • The average score is 14 of 40

Answer Stats

YearLeaguePlayer% Correct
2012, 2009, 2008, 2007, 2006ALDerek Jeter
96%
2003, 2002, 2001, 2000, 1999, 1998, 1996ALAlex Rodriguez
85%
1994, 1993, 1991, 1989, 1986, 1985, 1984, 1983ALCal Ripken Jr.
83%
1999, 1998, 1996, 1995, 1992, 1991, 1990, 1989, 1988NLBarry Larkin
77%
1987NLOzzie Smith
74%
2018, 2017ALFrancisco Lindor
64%
2007NLJimmy Rollins
64%
2017, 2016NLCorey Seager
51%
2005ALMiguel Tejada
51%
1997ALNomar Garciaparra
51%
1982, 1980ALRobin Yount
49%
2020ALTim Anderson
47%
2011, 2010NLTroy Tulowitzki
47%
2019, 2018NLTrevor Story
45%
2014, 2010ALAlexei Ramirez
43%
2009NLHanley Ramirez
43%
2020NLFernando Tatis Jr.
40%
2006NLJose Reyes
36%
2019, 2016, 2015ALXander Bogaerts
36%
1990, 1988, 1987ALAlan Trammell
34%
2015NLBrandon Crawford
34%
1984, 1980NLGarry Templeton
28%
2011ALAsdrubal Cabrera
26%
2003, 2002, 2000NLEdgar Renteria
26%
2004NLJack Wilson
23%
1993NLJay Bell
21%
1982, 1981NLDave Concepcion
19%
2014, 2013, 2012NLIan Desmond
19%
2013ALJJ Hardy
19%
2005NLFelipe Lopez
13%
1997NLJeff Blauser
13%
2001NLRich Aurilia
13%
1983NLDickie Thon
11%
1986, 1985NLHubie Brooks
11%
1995ALJohn Valentin
9%
1994NLWil Cordero
6%
2004ALMelvin Mora
4%
1992ALTravis Fryman
4%
1981ALRick Burleson
2%
2008NLRyan Braun
2%

Score Distribution

Percentile by Number Answered

Percent of People with Each Score

Your Score History

You have not taken this quiz